000 00319nam a2200145 a 4500
008 980424s1962||||xx 0 und c
040 _aSNK
_bslo
_cSNK
_eAACR2
100 1 _aKábrt, Jan
245 1 0 _aJazyk latinský
260 _aPraha
_bSZN
_c1962
300 _a198 s.
020 _c10
041 _acze
044 _aCZ
999 _c17747
_d17747